Our business and economic world / / Betty J. Brown and John E. Clow. (Record no. 2739)

000 -LEADER
fixed length control field 00532nam a22001697a 4500
020 ## - INTERNATIONAL STANDARD BOOK NUMBER
ISBN 0395390591
082 ## - DEWEY DECIMAL CLASSIFICATION NUMBER
Classification number 650
Item number B8123 1987
100 ## - MAIN ENTRY--AUTHOR NAME
Personal name Brown, Bettry J., author.
245 ## - TITLE STATEMENT
Title Our business and economic world / / Betty J. Brown and John E. Clow.
250 ## - EDITION STATEMENT
Edition statement second edition.
260 ## - PUBLICATION, DISTRIBUTION, ETC. (IMPRINT)
Place of publication Atlanta :
Name of publisher Houghton Mifflin Co.,
Year of publication c1987.
300 ## - PHYSICAL DESCRIPTION
Number of Pages x, 662 pages :
Other physical details colored illustrations ; 24 cm.
500 ## - GENERAL NOTE
General note Includes bibliographical references and index.
650 ## - SUBJECT ADDED ENTRY--TOPICAL TERM
Topical Term Business.
700 ## - ADDED ENTRY--PERSONAL NAME
Personal name Clow, John E.
942 ## - ADDED ENTRY ELEMENTS (KOHA)
Koha item type Books
Holdings
Source of acquisition Permanent Location Date acquired Koha item type Collection code Accession Number Lost status Shelving location Withdrawn status Current Location Full call number
SchoolCagayan State University - Carig Library2015-01-05BooksApplied Sciences005829 General Collection Cagayan State University - Carig Library650 B8123 1987

Cagayan State University University Library, Carig Campus
Tuguegarao City, Cagayan 3500 | www.csucarig.edu.ph

Powered by Koha